Epitomee grammatikees exeegeeeisa eis teen apaeen roomaikoon dialekton me teen metapasin eis to italikon, kai meta tees prostheekees o kiaka tinos lexks, kotinoon pros rikeios dialogoon para Deemeetriou benieree tutois ekdothesa boeetheia toon en Triesioo timioon pragmateutoon Poomaion prootee ekdosis, apiexooteisa, too Timiootatoo Kypioo = Compendio di grammatica spiegato in dialetto grego volgare con la traduzione italiana. E l'agiunta di un dizionario domestiche dialoghi famigliari / da Demetrio Venieri dato alle stampe con l'asistenza de' signori negozianti greci di Trieste

Detalles Bibliográficos
Otros Autores: Speraindio, Giovanni, ed
Formato: Libro
Publicado: in Trieste : nella stamperia di Gio: Batta: Sperandio, 1799.
Edición:Prima edizione, dedicata allo spettabile signor Ciriaco Catraro
Materias:
Colección:Banco de datos
Acervo:Universidad Autónoma Benito Juárez de Oaxaca. Biblioteca Francisco de Burgoa. Colección antigua
Descripción Física:VII, 364 p. ; 4°
Tema general:Griego - Gramáticas
Italiano - Gramáticas
Notas:Portada tipográfica con plecas en grabado xilográfico. Texto a renglón seguido con paginación en números arábigos y romanos, caracteres griegos, reclamos y signaturas. Encuadernación en cartón con lomo en piel. Marca de fuego: Biblioteca Pública del Estado de Oaxaca, Oax.
LEADER 01576nam a22001930004500
035 |a 4733 
041 0 |a gre ; ita 
245 1 0 |a Epitomee grammatikees exeegeeeisa eis teen apaeen roomaikoon dialekton me teen metapasin eis to italikon, kai meta tees prostheekees o kiaka tinos lexks, kotinoon pros rikeios dialogoon para Deemeetriou benieree tutois ekdothesa boeetheia toon en Triesioo timioon pragmateutoon Poomaion prootee ekdosis, apiexooteisa, too Timiootatoo Kypioo = Compendio di grammatica spiegato in dialetto grego volgare con la traduzione italiana. E l'agiunta di un dizionario domestiche dialoghi famigliari / da Demetrio Venieri dato alle stampe con l'asistenza de' signori negozianti greci di Trieste 
250 |a Prima edizione, dedicata allo spettabile signor Ciriaco Catraro 
260 |a in Trieste : nella stamperia di Gio: Batta: Sperandio, 1799. 
300 |a VII, 364 p. ; 4° 
500 |a Portada tipográfica con plecas en grabado xilográfico. Texto a renglón seguido con paginación en números arábigos y romanos, caracteres griegos, reclamos y signaturas. Encuadernación en cartón con lomo en piel. Marca de fuego: Biblioteca Pública del Estado de Oaxaca, Oax. 
650 1 0 |a Griego - Gramáticas 
650 1 0 |a Italiano - Gramáticas 
700 1 |a Speraindio, Giovanni, ed. 
852 |a Universidad Autónoma "Benito Juárez" de Oaxaca, Biblioteca Francisco de Burgoa, Colección antigua 15719 
942 |c BURANT 
943 |g Universidad Autónoma Benito Juárez de Oaxaca. Biblioteca Francisco de Burgoa. Colección antigua 
999 |c 1115744  |d 1115744